00827nam a2200217Ia 450000500170000000800410001708200200005810000390007824500660011725000190018330000390020265000410024194200120028226400440029433600270033833700330036533800280039804000350042699900150046195201330047620220317000946.0160825s1983 ck g 000 0 spa 04a731.9861 bR81e10aRubiano Caballero, Germánd1938-10aEscultura colombiana del siglo XXcGermán Rubiano Caballero a1a. edición  a210 páginas bláminas c19 cm 142LEMBaEscultura xHistoriaySiglo XX 2ddccBK aBogotábFondo Cultural Cafeteroc1983 atextobtxt2rdacontent asin mediaciónbn2rdamedia avolumenbnc2rdacarrier aCO-BoRNBPbspaerdacCO-BoRNBP c5522d5522 00102ddc40708GENaMESMARTIbMESMARTIcGENd2023-08-16l0o731.9861 R81epSM002301r2023-08-16 20:38:48tEj.1w2023-08-16yBK